000 00495nam a2200193Ia 4500
005 20241106112205.0
008 131103s9999 xx 000 0 und d
020 _cRs.77.00
040 _aLoreto College
041 _aEnglish
082 _a900/N
_bCHA
100 _aChaudhuri, Kalyan
245 2 _aA new history of india
_b ix - x combined
_cKalyan Chaudhuri
260 _aKolkata
_bOriental book
_c2010
300 _a257p.
650 _aHistory - India
850 _aLCBED
942 _cBK
999 _c38158
_d88637